| 000 | 00397nam a2200169Ia 4500 | ||
|---|---|---|---|
| 001 | 7021 | ||
| 003 | IN-NITTTR | ||
| 005 | 20251114233024.0 | ||
| 008 | 251113s9999||||xx |||||||||||||| ||eng|| | ||
| 040 | _beng | ||
| 040 | _cIN-NITTTR | ||
| 041 | _aeng | ||
| 082 | _a375.001 H849D | ||
| 245 | 0 |
_aDeveloping a new curriculum / _cHowson, Geoffrey, ed. |
|
| 700 | _aHowson, Geoffrey | ||
| 942 |
_2ddc _cBK |
||
| 999 |
_c9659 _d9659 |
||